000 00710na a2200253 4500
001 18632
003 MIRAKIL
005 20181213155045.0
008 161124b tu 000 0
035 _a18632
040 _aMilas
_btur
_cTR-AnCHP
041 _atur
082 _a320.52
_bK29m [t.y.]
090 _a320.52 K29m [t.y.]
100 _aKaya, Erol
245 _aMuhafazakâr demokraside yerel yönetim vizyonu
_cErol Kaya, Hulusi Şentürk
260 _aİstanbul
_bOkutan Yayıncılık
_c[t.y.]
300 _a96 s.
_c23 sm.
504 _aKaynakça var.
650 _aMuhazafakar yaklaşım
_xYerel yönetimler
650 _aMuhafazakarlık
700 _aŞentürk, Hulusi
942 _2ddc
_cBKS
999 _c5734
_d5734